Rozhľadňa na vrchu Sokol pri Ilave
Na minha lista:
| Autor principal: | |
|---|---|
| Outros Autores: | |
| Formato: | Manuscrito Livro |
| Idioma: | eslovaco |
| Publicado em: |
2024
|
| Assuntos: | |
| Acesso em linha: | http://is.stuba.sk/zp/portal_zp.pl?podrobnosti=169924 https://opac.crzp.sk/?fn=detailBiblioForm&sid=AA0D9432EF6DE826C917184F11D3 |
| Tags: |
Sem tags, seja o primeiro a adicionar uma tag!
|
MARC
| LEADER | 00000ntm a22000003a 4500 | ||
|---|---|---|---|
| 001 | stuzp98472 | ||
| 003 | SK-STU | ||
| 005 | 20240920105228.7 | ||
| 007 | ta | ||
| 008 | 150427s2015----xo-----f-mn---000-0-slo-d | ||
| 040 | |a STU |b slo | ||
| 041 | 0 | |a slo | |
| 100 | 1 | |a Horák, Adam |u 010190 |4 aut |U SvF Stavebná fakulta |T SvF Katedra kovových a drevených konštrukcií |X 98172 |U V190 |Y 21 |7 98172 | |
| 242 | 0 | 1 | |a Outlook tower on Sokol hill near Ilava |y eng |
| 245 | 1 | 0 | |a Rozhľadňa na vrchu Sokol pri Ilave |
| 260 | |c 2024 | ||
| 650 | 4 | |a vyhliadková veža |2 slo | |
| 650 | 4 | |a rozhľadňa |2 slo | |
| 650 | 4 | |a celková sila vetra |2 slo | |
| 650 | 4 | |a predpätie |2 slo | |
| 650 | 4 | |a námraza |2 slo | |
| 650 | 4 | |a ice accumulation |2 eng | |
| 650 | 4 | |a prestressing |2 eng | |
| 650 | 4 | |a observation tower |2 eng | |
| 650 | 4 | |a lookout tower |2 eng | |
| 650 | 4 | |a total wind force |2 eng | |
| 700 | 1 | |a Brodniansky, Ján |u 010190 |k Z2 |4 ths |U SvF Stavebná fakulta |T SvF Katedra kovových a drevených konštrukcií |X 49133 |U V190 |Y 21 |7 A000049133 | |
| 856 | 4 | |u http://is.stuba.sk/zp/portal_zp.pl?podrobnosti=169924 | |
| 856 | 4 | |u https://opac.crzp.sk/?fn=detailBiblioForm&sid=AA0D9432EF6DE826C917184F11D3 | |